Mxgp2025 - Statistiques

Statistiques générales
  • Ce quiz a été pris 43 fois
  • Le résultat moyen est 11 sur 15
Statistiques - réponses
Hint Réponse % Correct
84 jeffrey herlings
97%
959 maxime renaux
97%
3 romain febvre
97%
243 tim gajser
97%
96 lucas coenen
90%
91 jeremy seewer
83%
70 ruben fernandez
83%
41 pauls jonass
77%
10 calvin vlaanderen
70%
93 jago geerts
70%
132 andrea bonacorsi
63%
189 brian bogers
57%
253 jan pancar
57%
919 ben watson
50%
259 glenn goldenhoff
13%
Aucun quiz correspondant
Distribution des résultats
% des personnes avec chaque résultat
Percentile par nombre de réponses
Votre historique - résultats
Vous n’avez pas pris ce quiz